000 00198nam a2200085Ia 4500
008 120527s9999 xx 000 0 und d
100 _aSantrock, W.John
245 _aLife-span development
942 _cBK
999 _c27404
_d27404